000 00378nam a22001577a 4500
003 CEME
005 20210628202423.0
008 210105b xxu||||| |||| 00| 0 eng d
040 _cceme
082 _a891.4397 ASH
100 _aAshfaq Hussain
_99148
245 _aFateh saboona
260 _aRAWALPINDI
_bIDARA-E-MATBOOT SULEMANI
_c2000
300 _a304P
942 _cBK
_2ddc
999 _c569719
_d569719